| 000 | 00560nam a22001817a 4500 | ||
|---|---|---|---|
| 008 | 131111b xxu||||| |||| 00| 0 ger d | ||
| 020 | _a3854284055 | ||
| 041 | 0 | _ager | |
| 080 | _a336.713 | ||
| 100 | 1 | _aSchäfer, Guido | |
| 245 | 1 | 0 |
_aRegulation and stability in the Banking System : _cGuido Schäfer |
| 260 |
_aWien : _bService fachverlag ; _c1999. |
||
| 300 |
_a115 f. ; _c24 cm. |
||
| 505 | _aReference : f. 111 - 115 | ||
| 650 | 0 | _aBankat dhe veprimtaria bankare ndërkombëtare | |
| 650 | 0 | _aFinanca | |
| 942 |
_2udc _cBK |
||
| 999 |
_c271 _d271 |
||